Historia del urbanismo: siglos XIV y XV
Saved in:
| Main Author: | |
|---|---|
| Format: | Book |
| Language: | Spanish |
| Published: |
Madrid
Instituto de Estudios de Administración Local
1985
|
| Edition: | 1a. ed |
| Subjects: | |
| Tags: |
Add Tag
No Tags, Be the first to tag this record!
|
MARC
| LEADER | 00000cam a2200000 a 4500 | ||
|---|---|---|---|
| 001 | UCX1313 | ||
| 003 | CL-VaPUC | ||
| 008 | 900730e19850000SP |||||||||||||||||spa|d | ||
| 020 | |a 8470883909 | ||
| 082 | 0 | 4 | |a 711.409 |b FRA |2 21 |
| 100 | 0 | |a Franchetti Pardo, Vittorio |e author |9 316790 | |
| 245 | 1 | 0 | |a Historia del urbanismo: siglos XIV y XV |
| 250 | |a 1a. ed | ||
| 300 | |a 596 p | ||
| 942 | |c BK | ||
| 945 | |d 19900730 00:00:00 | ||
| 260 | |a Madrid |b Instituto de Estudios de Administración Local |c 1985 | ||
| 650 | 0 | |a Ciudades y pueblos |9 265139 | |
| 650 | 0 | |a Edad media |9 258041 | |
| 650 | 0 | |a Planificación urbana |9 258176 | |
| 651 | 0 | |a Europa |9 255156 | |
| 583 | |a last modification |c 20180403 04:50:34 |k Rodrigo Vera | ||
| 999 | |c 222579 |d 222577 | ||
| 952 | |0 0 |1 0 |4 0 |6 711_409000000000000_FRA_1985 |7 0 |8 X |9 217525 |a BIBHIS |b BIBHIS |d 2019-11-15 |i 2864452 |o 711.409 FRA 1985 |p 2864452 |r 2024-01-30 |w 2019-11-15 |y BK_X |k HIS | ||
| 952 | |0 0 |1 0 |3 erd |4 0 |6 711_409000000000000_FRA_1985 |7 0 |8 P |9 217526 |a BIBARQ |b BIBARQ |i 5437245 |o 711.409 FRA 1985 |p 5437245 |r 2025-01-20 |w 2019-11-15 |y BK |z Catalogado en:20171117 |k ARQ | ||